Rozvojová pomoc na začiatku 21. storočia

Niektoré súčasné vývojové trendy v oficiálnej rozvojovej pomoci. Potreba prehodnotiť postoj k rozvojovej pomoci v rozvinutých, ako aj v rozvojových štátoch so zámerom zvýšiť jej efektívnosť a zlepšiť jej smerovanie. Kľúčové sú stabilné a predvídateľné toky rozvojovej pomoci osobitne vo vzťahu k najm...

Descripción completa

Guardado en:
Detalles Bibliográficos
Autor principal: Csabay, Marek
Formato: Capítulo de libro
Lenguaje:eslovaco
Materias:
Etiquetas: Agregar Etiqueta
Sin Etiquetas, Sea el primero en etiquetar este registro!

MARC

LEADER 00000naa$a2200000$$$4500
001 0050424
005 20240502071559.6
041 0 |a slo 
044 |a SK 
245 1 0 |a Rozvojová pomoc na začiatku 21. storočia  |c Marek Csabay 
520 |a Niektoré súčasné vývojové trendy v oficiálnej rozvojovej pomoci. Potreba prehodnotiť postoj k rozvojovej pomoci v rozvinutých, ako aj v rozvojových štátoch so zámerom zvýšiť jej efektívnosť a zlepšiť jej smerovanie. Kľúčové sú stabilné a predvídateľné toky rozvojovej pomoci osobitne vo vzťahu k najmenej rozvinutým štátom, u ktorých predstavuje rozvojová pomoc významnú zložku štátneho rozpočtu. Vyspelé štáty by mali postupovať v súlade so závermi Medzinárodnej konferencie o financovaní rozvoja, ktorá sa konala v roku 2002 v Monterrey a o.i. znížiť podiel programov viazanej pomoci. Rozvojová pomoc by mala byť poskytovaná s cieľom prispieť k ľudskému a nielen čisto ekonomickému rozvoju v beneficientských krajinách. 
610 2 0 |a pomoc rozvojová 
610 2 0 |a financovanie 
610 2 0 |a krajiny rozvojové 
610 2 0 |a krajiny vyspelé 
100 1 |a Csabay, Marek